Lexique Anglais-Francais des termes appartenant aux techniques en usage a L`Institut Geographique National. Premiere partie: geodesie et nivellement - topographie - photogrammetrie - cartographie optique - photographie generale - mecanique - chimie - physique - navigation. (Record no. 96599)

MARC details
000 -LEADER
fixed length control field 00935cam a2200277 4500
001 - CONTROL NUMBER
control field J85736
008 - FIXED-LENGTH DATA ELEMENTS--GENERAL INFORMATION
fixed length control field 090401t1958 xxu||||| |||| 00| 0 eng d
035 ## - SYSTEM CONTROL NUMBER
System control number (Sirsi) u80157
041 ## - LANGUAGE CODE
Language code of text/sound track or separate title eng
050 ## - LIBRARY OF CONGRESS CALL NUMBER
Classification number 526.903
110 ## - MAIN ENTRY--CORPORATE NAME
Corporate name or jurisdiction name as entry element L`Institut Geographique National
9 (RLIN) 3515
245 ## - TITLE STATEMENT
Title Lexique Anglais-Francais des termes appartenant aux techniques en usage a L`Institut Geographique National. Premiere partie: geodesie et nivellement - topographie - photogrammetrie - cartographie optique - photographie generale - mecanique - chimie - physique - navigation.
260 ## - PUBLICATION, DISTRIBUTION, ETC.
Place of publication, distribution, etc. Paris
Name of publisher, distributor, etc. L`Institut Geographique National
Date of publication, distribution, etc. 1958
300 ## - PHYSICAL DESCRIPTION
Extent 2v. ; 27cm.
350 ## - PRICE (NR) (BK AM CF MU VM SE) [OBSOLETE]
Price 0
650 ## - SUBJECT ADDED ENTRY--TOPICAL TERM
Topical term or geographic name entry element CARTOGRAPHY
650 ## - SUBJECT ADDED ENTRY--TOPICAL TERM
Topical term or geographic name entry element DICTIONARIES
650 ## - SUBJECT ADDED ENTRY--TOPICAL TERM
Topical term or geographic name entry element GEODESY
650 ## - SUBJECT ADDED ENTRY--TOPICAL TERM
Topical term or geographic name entry element LAND SURVEYING
650 ## - SUBJECT ADDED ENTRY--TOPICAL TERM
Topical term or geographic name entry element PHOTOGRAMMETRY
650 ## - SUBJECT ADDED ENTRY--TOPICAL TERM
Topical term or geographic name entry element TOPOGRAPHY
690 ## - LOCAL SUBJECT ADDED ENTRY--TOPICAL TERM (OCLC, RLIN)
Topical term or geographic name as entry element LAND SURVEYING
700 ## - ADDED ENTRY--PERSONAL NAME
Personal name Thuillier, Robert
942 ## - ADDED ENTRY ELEMENTS (KOHA)
Suppress in OPAC 0
948 ## - LOCAL PROCESSING INFORMATION (OCLC); SERIES PART DESIGNATOR (RLIN)
c (OCLC) 08/08/1997
Holdings
Withdrawn status Lost status Source of classification or shelving scheme Damaged status Not for loan Home library Current library Shelving location Date acquired Total Checkouts Full call number Barcode Date last seen Copy number Price effective from Koha item type
    Dewey Decimal Classification     London London Basement 14/09/1999   SHELF 307 30015769 06/08/2019 1 06/08/2019 Reference material
    Dewey Decimal Classification     London London Basement 14/09/1999   SHELF 307 30015770 06/08/2019 2 06/08/2019 Reference material